Statistics for Champions League Top Scorers

Click here to take the quiz!

General Stats

  • This quiz has been taken 174 times
    (116 since last reset)
  • The average score is 30 of 38

Answer Stats

#PlayerTeamsNationality% Correct
140Cristiano RonaldoManchester United,
Real Madrid,
Juventus
Portugal
100%
129Lionel MessiBarcelona,
PSG
Argentina
100%
91Robert LewandowskiBorussia Dortmund,
Bayern Munchen,
Barcelona
Poland
98%
48Zlatan IbrahimovicAjax,
Juventus,
Inter,
Barcelona,
Milan,
PSG,
Manchester United
Sweden
97%
53Thomas MüllerBayern MunchenGermany
96%
89Karim BenzemaOlympique Lyon,
Real Madrid
France
95%
44Didier DrogbaOlympique Marseille,
Chelsea,
Galatasaray
Ivory Coast
93%
44Mohamed SalahBasel,
Chelsea,
Roma,
Liverpool
Egypt
93%
43NeymarBarcelona,
PSG
Brazil
93%
50Thierry HenryMonaco,
Arsenal,
Barcelona
France
93%
71Raúl GonzálezReal Madrid,
Schalke 04
Spain
92%
35Edinson CavaniNapoli,
PSG,
Manchester United
Uruguay
91%
33Erling HaalandSalzburg,
Borussia Dortmund,
Manchester City
Norway
91%
40Kylian Mbappé Monaco,
PSG
France
91%
30Samuel Eto'oReal Madrid,
Mallorca,
Barcelona,
Inter,
Chelsea
Cameroon
89%
27Luis SuárezAjax,
Barcelona,
Atletico Madrid
Uruguay
88%
41Sergio AgüeroAtletico Madrid,
Manchester City,
Barcelona
Argentina
88%
48Andriy ShevchenkoDynamo Kyiv,
Milan,
Chelsea
Ukraine
85%
25Robin van PersieFeyenoord,
Arsenal,
Manchester United
Netherlands
85%
27Sadio ManéLiverpool,
Bayern Munchen
Senegal
85%
56Ruud van NistelrooyPSV Eindhoven,
Manchester United,
Real Madrid
Netherlands
84%
31Arjen RobbenPSV Eindhoven,
Chelsea,
Real Madrid,
Bayern Munchen
Netherlands
83%
30Wayne RooneyManchester UnitedEngland
83%
30Antoine GriezmannReal Sociedad,
Atletico Madrid,
Barcelona
France
82%
28Ryan GiggsManchester UnitedWales
82%
28Edin DžekoWolfsburg,
Manchester City,
Roma,
Inter
Bosnia
80%
42Alessandro Del PieroJuventusItaly
77%
30KakáMilan,
Real Madrid
Brazil
77%
27Raheem SterlingManchester City,
Chelsea
England
71%
46Filippo InzaghiJuventus,
Milan
Italy
68%
25Hernán CrespoParma,
Lazio,
Inter,
Chelsea,
Milan
Argentina
59%
27RivaldoBarcelona,
Milan,
Olympiakos
Brazil
59%
26Mario GómezStuttgart,
Bayern Munchen
Germany
55%
29Patrick KluivertAjax,
Barcelona,
PSV Eindhoven
Netherlands
52%
29David TrezeguetMonaco,
Juventus
France
51%
33Fernando MorientesReal Madrid,
Monaco,
Liverpool,
Valencia,
Olympique Marseille
Spain
50%
29Roy MakaayDeportivo La Coruna,
Bayern Munchen
Netherlands
44%
25Mário JardelPorto,
Galatasaray
Brazil
23%

Score Distribution

Percentile by Number Answered

Percent of People with Each Score

Your Score History

You have not taken this quiz since the last reset